Sports Quiz

Random Sports or Basketball Quiz

NBA Top 5 MVP Voting By Year Quiz Stats

 Plays Quiz Updated Sep 26, 2018

Score 0/299 Timer 18:00
31 Plays Today
% Correct
LeBron James
98.1%
Lebron James
97.8%
Lebron James
97.8%
Lebron James
97.8%
Lebron James
97.8%
Lebron James
97.8%
Lebron James
97.8%
Lebron James
97.8%
Lebron James
97.7%
LeBron James
97.7%
LeBron James
97.7%
LeBron James
97.7%
LeBron James
97.6%
Michael Jordan
97%
Michael Jordan
97%
Michael Jordan
97%
Michael Jordan
97%
Michael Jordan
97%
Michael Jordan
97%
Michael Jordan
97%
Michael Jordan
97%
Michael Jordan
97%
Michael Jordan
97%
Kobe Bryant
97%
Kobe Bryant
97%
Kobe Bryant
97%
Kobe Bryant
97%
Kobe Bryant
97%
Kobe Bryant
97%
Kobe Bryant
97%
Kobe Bryant
97%
Kobe Bryant
97%
Kobe Bryant
96.9%
Kobe Bryant
96.7%
James Harden
96.6%
Russell Westbrook
96.4%
Stephen Curry
96%
Stephen Curry
95.9%
Kevin Durant
95.9%
Kevin Durant
95.9%
Kevin Durant
95.8%
Kevin Durant
95.7%
Kevin Durant
95.7%
Kevin Durant
95.7%
Russell Westbrook
95.6%
James Harden
95.6%
Shaquille O'Neal
95.3%
Shaquille O'Neal
95.3%
Shaquille O'Neal
95.3%
Shaquille O'Neal
95.3%
Shaquille O'Neal
95.3%
Shaquille O'Neal
95.3%
Shaquille O'Neal
95.3%
Shaquille O'Neal
95.3%
Anthony Davis
95.1%
Tim Duncan
95.1%
Tim Duncan
95.1%
Tim Duncan
95.1%
Tim Duncan
95.1%
Tim Duncan
95.1%
Tim Duncan
95.1%
Tim Duncan
95.1%
Tim Duncan
95.1%
Tim Duncan
95.1%
Russell Westbrook
95.1%
Russell Westbrook
94.9%
James Harden
94.7%
Dwyane Wade
94.4%
Dwyane Wade
94.4%
Jermaine O'Neal
94%
Magic Johnson
93.8%
Magic Johnson
93.8%
Magic Johnson
93.8%
Magic Johnson
93.8%
Magic Johnson
93.8%
Magic Johnson
93.8%
Magic Johnson
93.8%
Magic Johnson
93.8%
Magic Johnson
93.8%
James Harden
93.7%
Steve Nash
93.5%
Steve Nash
93.5%
Steve Nash
93.5%
Isaiah Thomas
93.5%
Kevin Garnett
93.4%
Kevin Garnett
93.4%
Kevin Garnett
93.4%
Kevin Garnett
93.4%
Kevin Garnett
93.4%
Larry Bird
93.1%
Larry Bird
93.1%
Larry Bird
93.1%
Larry Bird
93.1%
Larry Bird
93.1%
Larry Bird
93.1%
Larry Bird
93.1%
Larry Bird
93.1%
Larry Bird
93.1%
Chris Paul
93.1%
Chris Paul
93.1%
% Correct
Chris Paul
93.1%
Chris Paul
93%
Kawhi Leonard
92.9%
Derrick Rose
92.8%
Dirk Nowitzki
92.6%
Dirk Nowitzki
92.6%
Dirk Nowitzki
92.6%
Jerry West
92.5%
Jerry West
92.5%
Jerry West
92.5%
Jerry West
92.5%
Jerry West
92.5%
Jerry West
92.5%
Jerry West
92.5%
Jerry West
92.5%
Allen Iverson
92.4%
Allen Iverson
92.4%
Allen Iverson
92.4%
Damian Lillard
92.4%
Dennis Johnson
92.3%
Karl Malone
92.2%
Karl Malone
92.2%
Karl Malone
92.2%
Karl Malone
92.2%
Karl Malone
92.2%
Karl Malone
92.2%
Karl Malone
92.2%
Karl Malone
92.2%
Karl Malone
92.2%
Kawhi Leonard
91.9%
Moses Malone
91.8%
Moses Malone
91.8%
Moses Malone
91.8%
Moses Malone
91.8%
Moses Malone
91.8%
Anthony Davis
91.8%
Dwight Howard
91.7%
Dwight Howard
91.7%
Dwight Howard
91.7%
Dwight Howard
91.7%
Carmelo Anthony
91.6%
Blake Griffin
90.3%
Wilt Chamberlain
90.1%
Wilt Chamberlain
90.1%
Wilt Chamberlain
90.1%
Wilt Chamberlain
90.1%
Wilt Chamberlain
90.1%
Wilt Chamberlain
90.1%
Wilt Chamberlain
90.1%
Wilt Chamberlain
90.1%
Wilt Chamberlain
90.1%
Wilt Chamberlain
90.1%
Kareem Abdul-Jabbar
89.8%
Kareem Abdul-Jabbar
89.8%
Kareem Abdul-Jabbar
89.8%
Kareem Abdul-Jabbar
89.8%
Kareem Abdul-Jabbar
89.8%
Kareem Abdul-Jabbar
89.8%
Kareem Abdul-Jabbar
89.8%
Kareem Abdul-Jabbar
89.8%
Kareem Abdul-Jabbar
89.8%
Kareem Abdul-Jabbar
89.8%
Kareem Abdul-Jabbar
89.8%
Kareem Abdul-Jabbar
89.8%
Kareem Abdul-Jabbar
89.8%
Kareem Abdul-Jabbar
89.8%
Kareem Abdul-Jabbar
89.8%
Tony Parker
89%
Bill Russell
88.2%
Bill Russell
88.2%
Bill Russell
88.2%
Bill Russell
88.2%
Bill Russell
88.2%
Bill Russell
88.2%
Bill Russell
88.2%
Bill Russell
88.2%
Bill Russell
88.2%
Scottie Pippen
87.7%
Scottie Pippen
87.7%
Hakeem Olajuwon
87.2%
Hakeem Olajuwon
87.2%
Hakeem Olajuwon
87.2%
Hakeem Olajuwon
87.2%
Hakeem Olajuwon
87.2%
Hakeem Olajuwon
87.2%
David Robinson
86.9%
David Robinson
86.9%
David Robinson
86.9%
David Robinson
86.9%
David Robinson
86.9%
Patrick Ewing
85.6%
Patrick Ewing
85.6%
Patrick Ewing
85.6%
Patrick Ewing
85.6%
Patrick Ewing
85.6%
Patrick Ewing
85.6%
Isiah Thomas
84.9%
Jason Kidd
82.5%
Jason Kidd
82.5%
Charles Barkley
81.6%
% Correct
Charles Barkley
81.6%
Charles Barkley
81.6%
Charles Barkley
81.6%
Joakim Noah
79.5%
Julius Erving
78.8%
Julius Erving
78.8%
Julius Erving
78.8%
Julius Erving
78.8%
Julius Erving
78.8%
Oscar Robertson
77.5%
Oscar Robertson
77.5%
Oscar Robertson
77.5%
Oscar Robertson
77.5%
Oscar Robertson
77.5%
Oscar Robertson
77.5%
Oscar Robertson
77.5%
Oscar Robertson
77.5%
Oscar Robertson
77.5%
Tracy McGrady
75.8%
Tracy McGrady
75.8%
Chauncey Billups
75.7%
Gary Payton
75.4%
Dominique Wilkins
74.9%
Dominique Wilkins
74.9%
Dominique Wilkins
74.9%
Clyde Drexler
74.6%
Clyde Drexler
74.6%
Tim Hardaway
74.3%
Anfernee Hardaway
74.2%
Chris Webber
73.8%
Alonzo Mourning
72.8%
Alonzo Mourning
72.8%
Kevin McHale
72%
Walter Davis
68.1%
Bob Cousy
67.6%
Bill Walton
62.2%
Bill Walton
62.2%
Elgin Baylor
61.1%
Elgin Baylor
61.1%
Elgin Baylor
61.1%
Elgin Baylor
61.1%
Elgin Baylor
61.1%
Elgin Baylor
61.1%
George Gervin
60.3%
George Gervin
60.3%
George Gervin
60.3%
George Gervin
60.3%
Bob Pettit
60.2%
Bob Pettit
60.2%
Bob Pettit
60.2%
Bob Pettit
60.2%
John Havlicek
59.7%
John Havlicek
59.7%
Robert Parish
56.4%
Willis Reed
54.5%
Willis Reed
54.5%
Willis Reed
54.5%
Sam Jones
52.1%
Sam Jones
52.1%
Grant Hill
50.7%
Peja Stojakovic
50%
Rick Barry
49.4%
Rick Barry
49.4%
Rick Barry
49.4%
Walt Frazier
49.4%
Wes Unseld
47.7%
Bob McAdoo
47.1%
Bob McAdoo
47.1%
Bob McAdoo
47.1%
Pete Maravich
43.5%
Bernard King
42.4%
Elvin Hayes
41.5%
Elvin Hayes
41.5%
Elvin Hayes
41.5%
Dave Cowens
39.4%
Dave Cowens
39.4%
Dave Cowens
39.4%
Dave Cowens
39.4%
Glen Rice
37.6%
Gus Williams
33.6%
Tiny Archibald
33.3%
Tiny Archibald
33.3%
David Thompson
31.4%
Sidney Moncrief
28.8%
Dave Bing
25.7%
Dave Bing
25.7%
Bob Lanier
25.1%
Bob Lanier
25.1%
Lenny Wilkens
23.1%
Jerry Lucas
21.4%
Nate Thurmond
20.4%
Billy Cunningham
19.5%
Billy Cunningham
19.5%
Terry Cummings
16.5%
Connie Hawkins
12.3%
Spencer Haywood
11%
Bob Dandridge
10.6%
George McGinnis
8.6%
Dan Roundfield
6.3%

You're not logged in!

Compare scores with friends on all Sporcle quizzes.
OR
Log In

You Might Also Like...

Show Comments

Extras

Top Quizzes Today


Score Distribution

Your Account Isn't Verified!

In order to create a playlist on Sporcle, you need to verify the email address you used during registration. Go to your Sporcle Settings to finish the process.

Report this User

Report this user for behavior that violates our Community Guidelines.

Details: